[Event "Elenite"]
[Site "Elenite"]
[Date "1993.??.??"]
[Round "2"]
[White "Vyzmanavin, Alexey"]
[Black "Nikolic, Predrag"]
[Result "1-0"]
[WhiteElo "2605"]
[BlackElo "2625"]

1.d4 d5 2.c4 c6 3.e3 Nf6 4.Nc3 g6 5.Nf3 Bg7 6.Be2 O-O 7.O-O b6 8.b4 Bb7 9.Bb2 Nbd7
10.Qb3 e6 11.Rfd1 Qe7 12.a4 Rab8 13.cxd5 exd5 14.b5 c5 15.a5 Rfd8 16.axb6 axb6
17.Ra7 h6 18.Bf1 Qe6 19.g3 Ne8 20.Bg2 Nd6 21.Ne1 Nf6 22.dxc5 bxc5 23.Na4 c4
24.Qc2 Rdc8 25.Nb6 Rc5 26.Bxf6 Bxf6 27.Rxb7 Rxb7 28.Bxd5 Rxd5 29.Nxd5 c3
30.b6 Bg7 31.Qa4 Kh7 32.Qc6 Qg4 33.Qxd6  1-0

[Event "Elenite"]
[Site "Elenite"]
[Date "1993.??.??"]
[Round "4"]
[White "Sokolov, Ivan"]
[Black "Nikolic, Predrag"]
[Result "1-0"]
[WhiteElo "2610"]
[BlackElo "2625"]

1.d4 d5 2.c4 dxc4 3.e3 Nf6 4.Bxc4 e6 5.Nf3 c5 6.O-O a6 7.Bd3 Nc6 8.a3 cxd4
9.exd4 Be7 10.Nc3 O-O 11.Bc2 b6 12.Bg5 Bb7 13.Qd3 g6 14.Rad1 Rc8 15.Bb3 b5
16.Ba2 Na5 17.Ne5 Nd7 18.Bxe7 Qxe7 19.Nxd7 Qxd7 20.d5 exd5 21.Bxd5 Kg7 22.Qd4+ f6
23.Rfe1 Bxd5 24.Nxd5 Nc6 25.Qb6 Rb8 26.Qxa6 Qb7 27.Qxb7+ Rxb7 28.Nf4 Ra8
29.Ne6+ Kg8 30.Rd6 Ne5 31.Nc5 Rc7 32.Ne4 Nc4 33.Nxf6+ Kf7 34.Rde6 Nxb2 35.Nxh7 Nd3
36.Ng5+ Kg7 37.Rf1 Kh6 38.Re3 Nf4 39.h4 Rca7 40.g3 Nd5 41.Rd3 Nf6 42.Rb1 Rxa3
43.Rxa3 Rxa3 44.Rxb5 Ra7 45.Kg2 Kg7 46.Rc5  1-0

[Event "Elenite"]
[Site "Elenite"]
[Date "1993.??.??"]
[Round "5"]
[White "Nikolic, Predrag"]
[Black "Georgiev, Kiril"]
[Result "1-0"]
[WhiteElo "2625"]
[BlackElo "2660"]

1.d4 d5 2.c4 c6 3.Nf3 Nf6 4.Nc3 e6 5.Bg5 h6 6.Bxf6 Qxf6 7.e3 Nd7 8.Bd3 dxc4
9.Bxc4 g6 10.h4 Bg7 11.Qc2 a5 12.a3 O-O 13.h5 g5 14.Ba2 Qe7 15.Rd1 b6 16.O-O Bb7
17.e4 Nf6 18.e5 Nxh5 19.Bb1 Rfd8 20.Qh7+ Kf8 21.Ne4 Nf4 22.Rfe1 c5 23.Nh2 h5
24.g3 Bxe4 25.Bxe4 Nd5 26.Qxh5 cxd4 27.Nf3 f5 28.exf6 Nxf6 29.Qxg5 Rac8 30.Nxd4 Rd6
31.Bf3 Rc4 32.Qe3 Ng4 33.Nxe6+  1-0

[Event "Elenite"]
[Site "Elenite"]
[Date "1993.??.??"]
[Round "7"]
[White "Nikolic, Predrag"]
[Black "Adams, Michael"]
[Result "1/2-1/2"]
[WhiteElo "2625"]
[BlackElo "2630"]

1.d4 d6 2.Nf3 Bg4 3.c3 Nd7 4.e4 Ngf6 5.Nbd2 c6 6.h3 Bxf3 7.Qxf3 e5 8.dxe5 dxe5
9.Bd3 Be7 10.Bc2 O-O 11.Nf1 Ne8 12.h4 Nd6 13.Bg5 Nc4 14.Ne3 Nxe3 15.Bxe3 Nc5
16.O-O Ne6 17.Rfd1 Qc7 18.g3 Bc5 19.Bxc5 Nxc5 20.Qe3 b6 21.b4 Nb7 22.a4 Rfd8
23.Rxd8+ Rxd8 24.a5 Nd6 25.axb6 axb6 26.Bb3 h6 27.Kg2 Nb5 28.Ra6 Rb8 29.h5 Nd6
30.Ra2 Ne8 31.Qf3 Nf6 32.Bc4 Rd8 33.Be2 Qb7 34.Qe3 Qc7 35.Ra6 Rb8 36.f4 exf4
37.gxf4 Re8 38.e5 Nd5 39.Qd4 Rd8 40.Bf3 Qc8 41.Ra7 Qf5 42.Kg3 g5 43.fxg5 c5
44.bxc5 bxc5 45.Qe4 Qxg5+ 46.Qg4 Qxg4+ 47.Bxg4  1/2-1/2

[Event "Elenite"]
[Site "Elenite"]
[Date "1993.??.??"]
[Round "11"]
[White "Nikolic, Predrag"]
[Black "Smirin, Ilia"]
[Result "1/2-1/2"]
[WhiteElo "2625"]
[BlackElo "2640"]

1.d4 Nf6 2.c4 g6 3.Nf3 Bg7 4.g3 O-O 5.Bg2 c6 6.O-O d5 7.b3 Ne4 8.Bb2 Bf5
9.e3 Nd7 10.Qe2 a5 11.Nh4 Be6 12.f3 Nd6 13.c5 Nb5 14.a4 Nc7 15.f4 Nf6 16.Nd2 Na6
17.Nhf3 b6 18.cxb6 Qxb6 19.Rfc1 Rfc8 20.Ba3 Nb4 21.Ne5 Nd7 22.Ndf3 f6 23.Bxb4 axb4
24.Nxd7 Bxd7 25.Ne1 e5 26.Nd3 exd4 27.Nc5 Bf5 28.exd4 Re8 29.Qf2 Bf8 30.Re1 Bd6
31.Bf1 Qa7 32.Rac1 Rac8 33.Qd2 Qb6 34.Bd3 Bxd3 35.Rxe8+ Rxe8 36.Qxd3 Qa7
37.Qd2 Qe7 38.Kf2 Kf7 39.Re1 Qxe1+ 40.Qxe1 Rxe1 41.Kxe1 Bxc5 42.dxc5 Ke7
43.g4 Kd7 44.Ke2 Kc7 45.h4 Kd7 46.Kf3 Kc7 47.h5 gxh5 48.gxh5 Kd7 49.h6  1/2-1/2

[Event "Groningen PCA"]
[Site "Groningen"]
[Date "1993.??.??"]
[Round "2"]
[White "Bareev, Evgeny"]
[Black "Nikolic, Predrag"]
[Result "1-0"]
[WhiteElo "2660"]
[BlackElo "2625"]

1.d4 f5 2.c4 Nf6 3.g3 e6 4.Bg2 c6 5.Nf3 d5 6.O-O Bd6 7.b3 Qe7 8.Ne5 O-O 9.Bb2 Bd7
10.Nd2 Be8 11.Ndf3 Nbd7 12.Nd3 Ng4 13.Qc1 dxc4 14.bxc4 e5 15.c5 Bc7 16.dxe5 Ngxe5
17.Nfxe5 Nxe5 18.Qe3 Ng6 19.Qxe7 Nxe7 20.Rab1 b5 21.Rfd1 a5 22.Be5 Bxe5 23.Nxe5 Rc8
24.Rd6 Rc7 25.Rbd1 g6 26.R1d2 Kg7 27.f4 b4 28.Rd8 Bf7 29.R2d7 Rxd7 30.Rxd7 Re8
31.Ra7 Kf8 32.Rxa5 Bd5 33.Ra7 Rd8 34.Nd7+ Kf7 35.Bxd5+ Nxd5 36.Ne5+ Kg8 37.Nxc6 Rc8
38.Rd7 Rxc6 39.Rxd5 Ra6 40.Rd2 Kf7 41.Kf2 Ra3 42.c6  1-0

[Event "Groningen PCA"]
[Site "Groningen"]
[Date "1993.??.??"]
[Round "3"]
[White "Nikolic, Predrag"]
[Black "Ruban, Vadim"]
[Result "1-0"]
[WhiteElo "2625"]
[BlackElo "2590"]

1.d4 Nf6 2.c4 e6 3.Nf3 d5 4.Nc3 c5 5.cxd5 Nxd5 6.e4 Nxc3 7.bxc3 cxd4 8.cxd4 Bb4+
9.Bd2 Bxd2+ 10.Qxd2 O-O 11.Bc4 b6 12.O-O Nc6 13.Rfe1 Bb7 14.Rad1 Na5 15.Bd3 h6
16.Qf4 Qf6 17.Qg3 Qe7 18.h4 Rfd8 19.d5 Qd6 20.e5 Qxd5 21.Bh7+ Kxh7 22.Rxd5 Rxd5
23.Kh2 Rd7 24.Rc1 Rad8 25.Qf4 Kg8 26.Qa4 Bxf3 27.gxf3 Rd4 28.Qb5 Rxh4+ 29.Kg2 Rhd4
30.Rc7 R4d5 31.Qa6 Rxe5 32.Qxa7 Rg5+ 33.Kf1 Rf5 34.Qxb6 Rd1+ 35.Ke2 Rdd5
36.Rc8+ Kh7 37.Qb1 h5 38.a4 h4 39.Qb8 Kg6 40.Qb4 Rh5 41.Qb1+ Kf6 42.Qb2+ Kg6
43.Qc2+ Kf6 44.Qc3+ Kg6 45.f4 Kh7 46.Qc2+ g6 47.Qc3 e5 48.Ra8 Nb7 49.Qc6 exf4
50.Qxb7 Rdf5 51.Re8 h3 52.Qb2 Kh6 53.Rh8+ Kg5 54.Rxh5+ Kxh5 55.Kf3 f6 56.Qc2 Kh6
57.Qxf5  1-0

[Event "Groningen PCA"]
[Site "Groningen"]
[Date "1993.??.??"]
[Round "5"]
[White "Nikolic, Predrag"]
[Black "Malaniuk, Vladimir P"]
[Result "1-0"]
[WhiteElo "2625"]
[BlackElo "2635"]

1.d4 f5 2.g3 Nf6 3.Bg2 d6 4.Nf3 g6 5.O-O Bg7 6.c4 O-O 7.Nc3 Qe8 8.d5 a5 9.Ne1 Na6
10.Nd3 e5 11.dxe6 c6 12.Na4 Bxe6 13.Nb6 Rb8 14.Bd2 Nd7 15.Nxd7 Qxd7 16.Qc2 Qc7
17.Bf4 b6 18.Rad1 Rfd8 19.Rd2 Nb4 20.Nxb4 axb4 21.Rfd1 Be5 22.Bxe5 dxe5 23.Rxd8+ Rxd8
24.Rxd8+ Qxd8 25.Bxc6 Qc7 26.Bb5 Qd6 27.Qd3 Qc5 28.e3 Kf7 29.Qd8 Kg7 30.h4 h6
31.b3 Bf7 32.Qd7 Kf6 33.Ba6 f4 34.Qd8+ Kg7 35.gxf4 exf4 36.exf4 Qf5 37.Qd4+ Kh7
38.Bb7 Qb1+ 39.Kg2 Qxa2 40.Qd7 Kg8 41.Bd5 Bxd5+ 42.Qxd5+ Kg7 43.Qd7+ Kf6
44.Qd6+ Kf5 45.Qe5+ Kg4 46.Qe4 Qxb3 47.f5+ Kh5 48.f3 Qb2+ 49.Kg3  1-0

[Event "Groningen PCA"]
[Site "Groningen"]
[Date "1993.??.??"]
[Round "7"]
[White "Nikolic, Predrag"]
[Black "Benjamin, Joel"]
[Result "1/2-1/2"]
[WhiteElo "2625"]
[BlackElo "2620"]

1.d4 Nf6 2.c4 e6 3.g3 Bb4+ 4.Bd2 a5 5.Bg2 d6 6.Nf3 Nbd7 7.O-O e5 8.Qc2 O-O
9.Nc3 Re8 10.Rad1 e4 11.Ng5 Bxc3 12.bxc3 Qe7 13.f3 e3 14.Bc1 Nb6 15.d5 h6
16.Nh3 Nxc4 17.Rd4 Ne5 18.f4 Neg4 19.f5 Bd7 20.Rff4 h5 21.c4 c5 22.dxc6 Bxc6
23.Ba3 Rad8 24.Ng5 Bxg2 25.Kxg2 Qd7 26.Qb3 Qc6+ 27.Nf3 d5 28.Bb2 a4 29.Qb5 Qxb5
30.cxb5 Rc8 31.Ne1 Rc5 32.Rxa4 Rxb5 33.Rfb4 Rxb4 34.Rxb4 Re7 35.Nd3 Ne4  1/2-1/2

[Event "Groningen PCA"]
[Site "Groningen"]
[Date "1993.??.??"]
[Round "9"]
[White "Nikolic, Predrag"]
[Black "Beliavsky, Alexander G"]
[Result "1/2-1/2"]
[WhiteElo "2625"]
[BlackElo "2635"]

1.d4 Nf6 2.c4 e6 3.Nf3 d5 4.Nc3 Be7 5.Bg5 h6 6.Bh4 O-O 7.e3 b6 8.Be2 Bb7
9.Bxf6 Bxf6 10.cxd5 exd5 11.b4 c6 12.O-O a5 13.b5 c5 14.Rc1 Nd7 15.dxc5 Nxc5
16.Nd4 Qd6 17.Bg4 Rad8 18.Nce2 g6 19.Qc2 h5 20.Bh3 Kg7 21.Rfd1 Be7 22.Nf4 Rh8
23.g3 Bg5 24.Qc3 Qf6 25.Nde2 Qxc3 26.Rxc3 Rd6 27.Nd3 Bc8 28.Nxc5 bxc5 29.Bg2 Bg4
30.f3 Be6 31.f4 Bd8 32.Rxc5 Bb6 33.Rc3 Rc8 34.Kf1 Rxc3 35.Nxc3 Bxe3 36.Bxd5 Bf5
37.Bc4 Rxd1+ 38.Nxd1 Bd4 39.Nf2 Kf8 40.Ke2 Ke7 41.Bd5 Bd7 42.a4 Bf5 43.Ne4 Bxe4
44.Bxe4 Bg1 45.Kf3 f5 46.Bc6 Kd8 47.h3 Ke7 48.g4 hxg4+ 49.hxg4 Bb6 50.Bd5 Bc5
51.Bg8 Bb6 52.Kg3 Kf6 53.Kf3 Ke7 54.Bh7 Kf6 55.gxf5 Kxf5 56.Bxg6+ Kxg6 57.Ke4 Kf6
58.Kd5 Bc7 59.Kc6 Bxf4 60.b6 Ke7 61.Kb5 Kd7 62.Kxa5  1/2-1/2

[Event "Groningen PCA"]
[Site "Groningen"]
[Date "1993.??.??"]
[Round "11"]
[White "Nikolic, Predrag"]
[Black "Dolmatov, Sergey"]
[Result "1/2-1/2"]
[WhiteElo "2625"]
[BlackElo "2630"]

1.d4 Nf6 2.c4 g6 3.Nf3 Bg7 4.g3 c6 5.Bg2 d5 6.O-O O-O 7.b3 Be6 8.Nbd2 a5
9.e3 Nbd7 10.Bb2 a4 11.Bc3 axb3 12.axb3 Qb6 13.Re1 Bf5 14.Bf1 Ne4 15.Nxe4 Bxe4
16.Nd2 Bf5 17.Ra4 Rxa4 18.bxa4 e5 19.cxd5 cxd5 20.dxe5 Bxe5 21.Qa1 Bxc3 22.Qxc3 Ra8
23.Ra1 Qc5 24.Qb2 b6 25.Nf3 Qc2 26.Qb5 Ra5 27.Qb4 Qc5 28.Qh4 Qc3 29.Rd1 Qf6
30.Ng5 Nf8 31.Bb5 Be6 32.Rc1 Ra8 33.Nxe6 Qxh4 34.gxh4 Nxe6 35.Rc6 Nc5 36.Rc7 Nxa4
37.Bc6 Ra5 38.Be8 f6 39.h5 gxh5 40.Bxh5 Rc5 41.Bf7+ Kh8 42.Rb7 Nc3 43.Rxb6 Kg7
44.Rb7 d4 45.exd4 Ne2+ 46.Kg2 Nxd4 47.h4 Nf5 48.Ba2+ Kg6 49.Bb1 h6 50.Bd3 Rd5
51.Be4 Re5 52.Bc2 Rc5 53.Be4 Re5 54.Bc2 Rc5 55.Bd3 Rd5 56.Rb3 Kg7 57.Bxf5 Rxf5  1/2-1/2

[Event "Oviedo rapid"]
[Site "Oviedo"]
[Date "1993.??.??"]
[Round "6"]
[White "Nikolic, Predrag"]
[Black "Wells, Peter K"]
[Result "1-0"]
[WhiteElo "2625"]
[BlackElo "2455"]

1.d4 Nf6 2.c4 e6 3.Nf3 d5 4.Nc3 c6 5.e3 Nbd7 6.Bd3 dxc4 7.Bxc4 b5 8.Bb3 b4
9.Na4 Ba6 10.Bd2 Rc8 11.Rc1 Be7 12.Bc4 Bb5 13.O-O O-O 14.b3 Ne4 15.Be1 Bxc4
16.Rxc4 Nb6 17.Nxb6 axb6 18.Qc2 Qd5 19.Bxb4 Bxb4 20.Rxb4 b5 21.Ne5 Qd6 22.a3 Nf6
23.Rc1 Nd5 24.Rxb5 Qxa3 25.Nxc6  1-0

[Event "Oviedo rapid"]
[Site "Oviedo"]
[Date "1993.??.??"]
[Round "7"]
[White "Kakageldyev, Amanmurad"]
[Black "Nikolic, Predrag"]
[Result "1/2-1/2"]
[WhiteElo "2465"]
[BlackElo "2625"]

1.d4 f5 2.Nf3 Nf6 3.g3 e6 4.Bg2 d5 5.O-O Bd6 6.c4 c6 7.b3 Qe7 8.Qc2 O-O 9.Bf4 Bxf4
10.gxf4 Bd7 11.Nbd2 Be8 12.Ne5 Bh5 13.e3 Nbd7 14.cxd5 Nxd5 15.Nxd7 Qxd7 16.Nc4 Kh8
17.Ne5 Qe7 18.Bxd5 exd5 19.f3 g5 20.Qf2 a5 21.Kh1 Rg8 22.Rg1 g4 23.fxg4 Bxg4
24.Rg3 Rg7 25.Rag1 Rag8 26.h3 Bxh3 27.Rxg7 Rxg7 28.Rxg7 Kxg7 29.Qg3+ Bg4
30.Nxg4 Qe4+ 31.Kh2 fxg4 32.Qxg4+ Kf6  1/2-1/2

[Event "Oviedo rapid"]
[Site "Oviedo"]
[Date "1993.??.??"]
[Round "8"]
[White "Nikolic, Predrag"]
[Black "Yakovich, Yuri"]
[Result "1-0"]
[WhiteElo "2625"]
[BlackElo "2525"]

1.d4 d5 2.c4 dxc4 3.Nf3 a6 4.e3 Nf6 5.Bxc4 e6 6.O-O c5 7.dxc5 Bxc5 8.Qxd8+ Kxd8
9.b3 Ke7 10.Bb2 Nbd7 11.Be2 b6 12.Nbd2 Bb7 13.a3 b5 14.a4 bxa4 15.Rxa4 Nb6
16.Ra5 Bb4 17.Ba3 Bxa3 18.Rxa3 Nfd5 19.Nd4 Nb4 20.Nc4 Nxc4 21.bxc4 Rab8 22.f3 Bc8
23.Rb1 Bd7 24.f4 Rhc8 25.Kf2 f6 26.Ra5 Bc6 27.Rb3 Be4 28.Ra4 Nc2 29.Rxb8 Rxb8
30.Nxc2 Bxc2 31.Rxa6 Rb2 32.Ra7+ Kd6 33.Kg3 g5 34.Ra6+ Ke7 35.Bf3 Bd3 36.Ra7+ Kd6
37.Rf7 gxf4+ 38.exf4 Bg6 39.c5+  1-0

[Event "Oviedo rapid"]
[Site "Oviedo"]
[Date "1993.??.??"]
[Round "11"]
[White "Makarichev, Sergey"]
[Black "Nikolic, Predrag"]
[Result "1/2-1/2"]
[WhiteElo "2540"]
[BlackElo "2625"]

1.e4 e6 2.d4 d5 3.exd5 exd5 4.Nf3 Bd6 5.c4 Nf6 6.Nc3 O-O 7.cxd5 Nbd7 8.Be2 h6
9.O-O Nb6 10.Ne5 Nbxd5 11.Bf3 c6 12.Nxd5 Nxd5 13.Bxd5 cxd5 14.Qb3 Bc7 15.Bf4 Bb6
16.Rad1 Bf5 17.Nd3 Bg4 18.Rd2 Ba5 19.Rc2 Rc8 20.Nc5 b6 21.Qg3 h5 22.Nb7 Qd7
23.Rxc8 Rxc8 24.Nxa5 bxa5 25.Be5 f6 26.Bxf6 gxf6 27.f3 Qa4 28.fxg4 Qxd4+
29.Qf2 Qxf2+ 30.Kxf2 hxg4 31.Kg3 Kf7 32.Rf4 Rc2 33.Rxg4 Rxb2 34.Ra4 Rb5 35.h4 Kg6
36.Rg4+ Kh6 37.Rf4 Kg6 38.Rg4+ Kh6 39.Rf4 Kg6  1/2-1/2

[Event "Oviedo rapid"]
[Site "Oviedo"]
[Date "1993.??.??"]
[Round "12"]
[White "Nikolic, Predrag"]
[Black "Izeta Txabarri, Felix"]
[Result "1-0"]
[WhiteElo "2625"]
[BlackElo "2510"]

1.d4 Nf6 2.c4 e6 3.Nf3 c5 4.d5 b5 5.dxe6 fxe6 6.cxb5 d5 7.g3 Bd6 8.Bg2 O-O
9.O-O Nbd7 10.Nbd2 Bb7 11.b3 Qe7 12.Bb2 Ng4 13.h3 Nge5 14.Nxe5 Nxe5 15.f4 Nf7
16.e4 Rad8 17.Qe2 Qd7 18.Rad1 Bc7 19.a4 Nd6 20.Kh2 Ba5 21.Be5 Nf7 22.Nc4 Bc7
23.Bb2 Rfe8 24.Ne3 Qe7 25.e5 Nh6 26.Ba3 Bb6 27.Rc1 Rc8 28.Qd2 Qd8 29.Rfd1 Kh8
30.b4 cxb4 31.Bxb4 Rxc1 32.Rxc1 Bxe3 33.Qxe3 d4 34.Qd2 Bxg2 35.Qxg2 Nf5 36.Qe4 Qd7
37.g4 Nh4 38.Kg3 Ng6 39.Bd6 Qd8 40.Qxd4 Rf8 41.Rf1 Rf7 42.Qc4  1-0

[Event "Tilburg"]
[Site "Tilburg"]
[Date "1993.??.??"]
[Round "2"]
[White "Nikolic, Predrag"]
[Black "Gurevich, Mikhail"]
[Result "1-0"]
[WhiteElo "2625"]
[BlackElo "2605"]

1.d4 d5 2.c4 c6 3.Nf3 Nf6 4.Nc3 e6 5.Bg5 h6 6.Bxf6 Qxf6 7.e3 Nd7 8.a3 Qd8
9.Bd3 Be7 10.O-O O-O 11.e4 dxc4 12.Bxc4 b5 13.Bd3 b4 14.axb4 Bxb4 15.e5 Bb7
16.Bc2 c5 17.Qd3 g6 18.Ne4 Qe7 19.h4 h5 20.Qe3 Kg7 21.Rfd1 Rfd8 22.Qf4 a5
23.Nfg5 cxd4 24.Rxd4 Rac8 25.Rxb4 axb4 26.Nd6 Rxc2 27.Ngxf7 g5 28.hxg5 Rf8
29.g6 Rxf7 30.gxf7 Nf8 31.Ra7 Rc7 32.Ne8+ Kg6 33.Qg3+ Kxf7  1-0

[Event "Tilburg"]
[Site "Tilburg"]
[Date "1993.??.??"]
[Round "2"]
[White "Gurevich, Mikhail"]
[Black "Nikolic, Predrag"]
[Result "1/2-1/2"]
[WhiteElo "2605"]
[BlackElo "2625"]

1.c4 e6 2.Nc3 f5 3.d4 Nf6 4.Nf3 Bb4 5.Qb3 a5 6.g3 b6 7.Bg2 Bb7 8.O-O O-O
9.Rd1 Na6 10.Bg5 Bxc3 11.bxc3 Qc8 12.a4 d6 13.Bf4 Qe8 14.Bf1 Kh8 15.Bc1 Rd8
16.Ne1 e5 17.Bg5 Rb8 18.f3 f4 19.gxf4 Qg6 20.Bg2 Nh5 21.Qb1 Qxb1 22.Rdxb1 Nxf4
23.Bf1 e4 24.Bxf4 Rxf4 25.e3 Rf5 26.f4 Rg8 27.Ra2 g5 28.fxg5 Rgxg5+ 29.Ng2 Nb8
30.Be2 Nd7 31.Kh1 Nf6 32.Nh4 Rf3 33.Bxf3 exf3 34.d5 Rg4 35.Nxf3 Rxc4 36.Kg1 Bxd5
37.Rf2 Ng4 38.Rff1 Nxe3 39.Rfe1 Rxc3 40.Nd4 Rc4 41.Rxe3 Rxd4 42.Re8+ Kg7
43.Re7+ Kh6 44.Rxc7 Be4 45.Rxb6 Bg6 46.Rc3 Rxa4 47.Rxd6 Kg5 48.Rdc6 Ra1+
49.Kf2 Be4 50.R3c4 Ra2+ 51.Ke3 Bg6 52.h4+ Kh6 53.Rd4 Rb2 54.Rc5 Rb4 55.Rf4 Rb3+
56.Kf2 Rb4 57.Kg3 Rxf4 58.Kxf4 Kg7 59.h5 Bf7 60.Rg5+ Kh6 61.Kg4 a4 62.Ra5 Kg7
63.Rxa4 h6 64.Ra6 Kh7 65.Ra7 Kg8 66.Re7 Kf8 67.Re5 Kg7 68.Kf4 Bg8 69.Kf5 Bh7+
70.Ke6 Bc2 71.Rc5 Bd3 72.Rc7+ Kg8 73.Kf6 Be4 74.Rc3 Bb1 75.Rc8+ Kh7 76.Rc1 Bd3
77.Ke5 Kg7 78.Rg1+ Kf7 79.Rg2 Bb1 80.Kd4 Bh7 81.Rb2 Kg7 82.Rb7+ Kg8 83.Ke5 Bd3
84.Kf6 Bc2 85.Rg7+ Kh8 86.Kf7 Bd3 87.Rg6 Kh7 88.Rxh6+  1/2-1/2

[Event "Tilburg blitz"]
[Site "Tilburg"]
[Date "1993.??.??"]
[Round "3"]
[White "Nikolic, Predrag"]
[Black "Yudasin, Leonid"]
[Result "1/2-1/2"]
[WhiteElo "2625"]
[BlackElo "2605"]

1.d4 Nf6 2.c4 e6 3.g3 d5 4.Bg2 Bb4+ 5.Bd2 Bxd2+ 6.Nxd2 O-O 7.Ngf3 Nbd7 8.O-O c5
9.cxd5 Nxd5 10.Ne4 Qb6 11.Rc1 Qxb2 12.Rc2 Qb4 13.Nxc5 Nxc5 14.dxc5 Bd7 15.Qd4 Bc6
16.e4 Qxd4 17.Nxd4 Nb4 18.Rc4 Nd3 19.Nxc6 bxc6 20.Rc3 Rfd8 21.Rb1 g6 22.f4 Rd4
23.e5 Nb4 24.a3 Nd5 25.Bxd5 Rxd5  1/2-1/2

[Event "Tilburg"]
[Site "Tilburg"]
[Date "1993.??.??"]
[Round "3"]
[White "Yudasin, Leonid"]
[Black "Nikolic, Predrag"]
[Result "1-0"]
[WhiteElo "2605"]
[BlackElo "2625"]

1.e4 e5 2.Nf3 Nc6 3.Nc3 Nf6 4.Bb5 Nd4 5.Ba4 c6 6.d3 Bb4 7.Bd2 Qa5 8.Bb3 Nxb3
9.axb3 Qc7 10.O-O Be7 11.Be3 b6 12.h3 O-O 13.Nd2 d5 14.Bg5 dxe4 15.dxe4 h6
16.Be3 Be6 17.f4 exf4 18.Bxf4 Qd8 19.Qe2 Bd6 20.e5 Bc5+ 21.Kh1 Nd5 22.Nxd5 cxd5
23.Qh5 Re8 24.Rad1 Bf8 25.Nc4 Qc7 26.Ne3 Rad8 27.c3 Rd7 28.Nf5 d4 29.Nxd4 Qb7
30.b4 a5 31.b5 a4 32.Rde1 Bd5 33.Kh2 Qc8 34.Re3 g6 35.Rg3 Kh7 36.Qh4 Bg7
37.Nf5 h5 38.Nxg7 Kxg7 39.Qg5 Re6 40.Qh6+ Kg8 41.Qxh5 Bc4 42.Re1 Bxb5 43.Qh4 Qc4
44.Rg4 Qc7 45.Qh6  1-0

[Event "Tilburg blitz"]
[Site "Tilburg"]
[Date "1993.??.??"]
[Round "3"]
[White "Yudasin, Leonid"]
[Black "Nikolic, Predrag"]
[Result "0-1"]
[WhiteElo "2605"]
[BlackElo "2625"]

1.e4 e5 2.Nf3 Nc6 3.Bc4 Nf6 4.d3 Be7 5.O-O O-O 6.c3 d6 7.Re1 Na5 8.Bb5 a6
9.Ba4 c5 10.d4 b5 11.Bc2 cxd4 12.cxd4 Qc7 13.Bg5 Bg4 14.Nbd2 h6 15.Bh4 Nc4
16.Nxc4 bxc4 17.dxe5 dxe5 18.h3 Rfd8 19.Qe2 Bxf3 20.Qxf3 Nh7 21.Bg3 Bc5 22.Rac1 Qe7
23.Ba4 Rac8 24.Kh1 Ng5 25.Qg4 Bd4 26.Re2 Qb4 27.b3 Ne6 28.Bh4 g5 29.Bg3 c3
30.h4 Qe7 31.Qf5 Nc5 32.Rec2 Nxa4 33.bxa4 gxh4 34.Qg4+ Qg5 35.Qxh4 Qxh4+
36.Bxh4 Rd6 37.f3 Rb6 38.Be1 Kh7 39.Kh2 f6 40.Kh3 Kg6 41.g3 Rb2 42.f4 Rxc2
43.Rxc2 f5 44.exf5+ Kxf5 45.fxe5 Kxe5 46.Kg4 Ke4 47.Kh5 Kd3 48.Bxc3 Bxc3
49.Rf2 Bd2 50.Rf6 Rc5+ 51.Kg4 Rc4+ 52.Kf3 Rxa4 53.Rd6+ Kc2 54.Rc6+ Kb2 55.Rd6 Bg5
56.g4 Rxa2 57.Ke4 Ra4+ 58.Kf3 a5 59.Ra6 Kc3 60.Kg3 Kc4 61.Ra8 Ra3+ 62.Kg2 Kb4
63.Rb8+ Ka4 64.Rb7 Rb3 65.Ra7 Rb5 66.Rd7 Kb3 67.Rd3+ Kb2 68.Rd4 Rb4 69.Rd5 a4
70.Ra5 a3  0-1

[Event "Tilburg rapid20"]
[Site "Tilburg"]
[Date "1993.??.??"]
[Round "3"]
[White "Nikolic, Predrag"]
[Black "Yudasin, Leonid"]
[Result "0-1"]
[WhiteElo "2625"]
[BlackElo "2605"]

1.d4 Nf6 2.c4 e6 3.Nf3 c5 4.d5 exd5 5.cxd5 d6 6.Nc3 a6 7.a4 g6 8.g3 Bg7 9.Bg2 O-O
10.O-O Nbd7 11.Bf4 Qc7 12.Rc1 Nh5 13.Bg5 h6 14.Bd2 Qb6 15.Qc2 f5 16.Nd1 Nhf6
17.Nh4 Kh7 18.Ne3 Ne5 19.f4 Neg4 20.Nc4 Qd8 21.h3 Nh5 22.hxg4 Nxg3 23.g5 Nxe2+
24.Kf2 Nxc1 25.Qxc1 b5 26.Na5 Bd4+ 27.Kg3 hxg5 28.fxg5 f4+ 29.Bxf4 Rxf4 30.Nf3 Rg4+
31.Kh2 Qxa5 32.Nxd4 cxd4 33.Qc6 Qd8 34.Qxa8 Rxg2+ 35.Kh1 Rxg5 36.Qa7+ Kh6
37.Qxd4 Rh5+ 38.Kg1 Qg5+ 39.Kf2 Qf5+  0-1

[Event "Tilburg rapid20"]
[Site "Tilburg"]
[Date "1993.??.??"]
[Round "3"]
[White "Yudasin, Leonid"]
[Black "Nikolic, Predrag"]
[Result "0-1"]
[WhiteElo "2605"]
[BlackElo "2625"]

1.e4 e5 2.Nf3 Nc6 3.Bc4 Nf6 4.d3 Be7 5.O-O O-O 6.c3 d6 7.Bb3 Na5 8.Bc2 c5
9.Re1 Nc6 10.Nbd2 Re8 11.Nf1 h6 12.h3 Bf8 13.N3h2 d5 14.Qf3 d4 15.Ng3 g6
16.Bb3 Be6 17.Bxe6 Rxe6 18.c4 Rb8 19.Bd2 b5 20.cxb5 Rxb5 21.b3 a5 22.h4 h5
23.Rec1 Nd7 24.Nf5 gxf5 25.exf5 Rd6 26.Qxh5 Nf6 27.Qf3 Nh7 28.Qg3+ Kh8 29.Nf3 f6
30.Qg6 Rd7 31.Qg4 Rg7 32.Qe4 Ne7 33.a4 Rxb3 34.Rxc5 Nxf5 35.Bxa5 Qe8 36.Rc7 Nd6
37.Qd5 Rb7 38.Rc6 Rbd7 39.Rac1 Nb7 40.Qb5 Nxa5 41.Qxa5 Ra7 42.Qb5 Qa8 43.R1c4 Qb7
44.Nd2 Qd7 45.Ne4 Rb7 46.Rb6 Qg4 47.Ng3 Qd1+ 48.Kh2 Rg4 49.Nf5 Qe1 50.Ne3 Rxh4+
51.Kg3 Rg7+  0-1

[Event "Tilburg"]
[Site "Tilburg"]
[Date "1993.??.??"]
[Round "3"]
[White "Nikolic, Predrag"]
[Black "Yudasin, Leonid"]
[Result "1-0"]
[WhiteElo "2625"]
[BlackElo "2605"]

1.d4 Nf6 2.c4 e6 3.Nf3 b6 4.g3 Ba6 5.b3 d5 6.Bg2 Bb4+ 7.Bd2 Bxd2+ 8.Nbxd2 c5
9.dxc5 bxc5 10.O-O O-O 11.Re1 Nc6 12.cxd5 exd5 13.Rc1 Qb6 14.Qc2 Nb4 15.Qxc5 Nxa2
16.Qxb6 axb6 17.Rc6 Rab8 18.Ra1 Nb4 19.Rxf6 gxf6 20.Ra4 Rfc8 21.Rxb4 Rc1+
22.Bf1 Bxe2 23.Kg2 Bd1 24.Rd4 Rd8 25.Nh4 Kf8 26.Bd3 Rc3 27.b4 h5 28.Nf5 Bg4
29.Ne3 Be6 30.h4 Kg7 31.Be2 Kh6 32.Ne4  1-0

[Event "Tilburg"]
[Site "Tilburg"]
[Date "1993.??.??"]
[Round "4"]
[White "Nikolic, Predrag"]
[Black "Beliavsky, Alexander G"]
[Result "0-1"]
[WhiteElo "2625"]
[BlackElo "2635"]

1.d4 Nf6 2.c4 e6 3.Nf3 d5 4.Nc3 Be7 5.Bg5 h6 6.Bh4 O-O 7.e3 b6 8.Be2 Bb7
9.Bxf6 Bxf6 10.cxd5 exd5 11.b4 c6 12.O-O a5 13.bxa5 Rxa5 14.a4 Bc8 15.Qc2 Be6
16.Rfc1 Qe7 17.Nd2 c5 18.Nb3 cxd4 19.exd4 Ra8 20.Bf3 Rd8 21.Re1 Qd7 22.Be2 Nc6
23.Bb5 Qd6 24.Qd2 Rdc8 25.Ne2 Bg5 26.f4 Bf6 27.Ng3 Ne7 28.Nc1 Rc2 29.Qe3 Qb4
30.Nce2 Nf5 31.Nxf5 Bxf5 32.Rab1 Rb2 33.Rbc1 Ra7 34.Red1 Re7 35.Qf3 g6 36.Kh1 Bc2
37.Rg1 Bxd4 38.Nxd4 Qxd4 39.Qh3 Kg7 40.Qc8 Be4 41.Bf1 Bf5 42.Qd8 Re4 43.Bb5 Rxf4
44.Rcd1 Qf6 45.Qxf6+ Kxf6 46.Rxd5 Be4 47.Rdd1 Rg4 48.Bf1 h5 49.h3 Rg3 50.Kh2 h4
51.Ra1 Rg5 52.Re1 Bc6 53.Re2 Rxe2 54.Bxe2 Bxa4 55.Rc1 Rc5 56.Rb1 b5 57.Rb4 g5
58.Kg1 Ke5 59.Kf2 Kd6 60.Rg4 Bb3 61.g3 Be6 62.Rd4+ Ke5 63.Rd3 Bc4 64.Re3+ Kd4  0-1

[Event "Wijk op"]
[Site "Wijk aan Zee"]
[Date "1993.??.??"]
[Round "4"]
[White "Nikolic, Predrag"]
[Black "Van Wely, Loek"]
[Result "1-0"]
[WhiteElo "2630"]
[BlackElo "2560"]

1.d4 Nf6 2.c4 g6 3.Nf3 Bg7 4.g3 O-O 5.Bg2 d6 6.O-O Nbd7 7.Nc3 e5 8.e4 exd4
9.Nxd4 Re8 10.h3 a6 11.Rb1 Rb8 12.Re1 h6 13.Be3 c5 14.Nf3 b5 15.Qxd6 b4 16.Nd5 Nxe4
17.Qc7 Bb7 18.Qxd8 Rbxd8 19.Nc7 Rf8 20.Nd2 Nxd2 21.Bxd2 Bxg2 22.Kxg2 Ne5
23.Be3 Rc8 24.Nd5 Nxc4 25.Ne7+ Kh7 26.Nxc8 Rxc8 27.b3 Nxe3+ 28.Rxe3 Bd4 29.Re7 Kg7
30.Rbe1 Rc6 31.R1e4 h5 32.Rd7 Bf6 33.Kf3 g5 34.Ke2 Bd4 35.f3 Rf6 36.Rd5 Rg6
37.Kd3 Bf2 38.g4 hxg4 39.hxg4 Bd4 40.Re8 Kf6 41.Rd6+  1-0

[Event "Wijk op"]
[Site "Wijk aan Zee"]
[Date "1993.??.??"]
[Round "6"]
[White "Nunn, John DM"]
[Black "Nikolic, Predrag"]
[Result "1/2-1/2"]
[WhiteElo "2580"]
[BlackElo "2630"]

1.e4 e5 2.Nf3 Nc6 3.Nc3 Nf6 4.Bb5 Nd4 5.Ba4 Bc5 6.Nxe5 O-O 7.Nd3 Bb6 8.e5 Ne8
9.Nd5 d6 10.Ne3 dxe5 11.Nxe5 Qg5 12.N5c4 f5 13.f4 Qxf4 14.c3 Ne6 15.d4 Qh4+
16.g3 Qh3 17.Bb3 Kh8 18.Nxb6 axb6 19.Bd5 Nd6 20.Bg2 Qh6 21.Nc4 Qf6 22.Nxd6 cxd6
23.O-O Nc7 24.Bf4 Rd8 25.d5 Bd7 26.Qd2 Re8 27.Qf2 Ra6 28.Rfe1 b5 29.a3 Kg8
30.Re3 Qf7 31.Rd1 h6 32.Rxe8+ Nxe8 33.Re1 Nf6 34.Qd4 Kh7 35.Qd3 Kg8 36.Re2 Nh5
37.Bd2 Ra8 38.Qd4 Re8 39.Rxe8+ Qxe8 40.Bf3 Nf6 41.Qb6 Ne4 42.Bf4 Ng5 43.Bxg5 hxg5
44.Kf2 f4 45.g4 Qe5 46.Kg2 Qe1 47.Qd8+ Be8 48.Qxd6 Qd2+ 49.Kh3 Qf2 50.Qe6+ Bf7
51.Qe4 Qf1+ 52.Bg2 Qf2 53.Bf3 Qf1+  1/2-1/2

[Event "Wijk op"]
[Site "Wijk aan Zee"]
[Date "1993.??.??"]
[Round "7"]
[White "Piket, Jeroen"]
[Black "Nikolic, Predrag"]
[Result "1-0"]
[WhiteElo "2245"]
[BlackElo "2630"]

1.d4 d5 2.c4 dxc4 3.Nf3 a6 4.e3 Nf6 5.Bxc4 e6 6.O-O c5 7.a4 Nc6 8.Nc3 Be7
9.Ne5 cxd4 10.Nxc6 bxc6 11.exd4 a5 12.Qf3 O-O 13.Be3 Nd5 14.Rac1 Ba6 15.b3 Qb6
16.Ne4 Bxc4 17.bxc4 Nxe3 18.fxe3 Qb3 19.c5 Qxa4 20.Nc3 Qc4 21.Qxc6 Rab8 22.Qc7 Bg5
23.Qg3 Bh6 24.Ne4 Qd3 25.Nf6+ Kh8 26.Ng4 Bg5 27.h4 h5 28.hxg5 hxg4 29.c6 Rbc8
30.c7 a4 31.Rf4 Qd2 32.Rcf1 Rxc7 33.g6 Kg8 34.Qh4  1-0

[Event "Wijk op"]
[Site "Wijk aan Zee"]
[Date "1993.??.??"]
[Round "9"]
[White "Huzman, Alexander"]
[Black "Nikolic, Predrag"]
[Result "0-1"]
[WhiteElo "2510"]
[BlackElo "2630"]

1.Nf3 Nf6 2.c4 e6 3.g3 a6 4.Bg2 b5 5.b3 d5 6.cxd5 exd5 7.O-O Be7 8.d4 O-O
9.Nc3 c6 10.Ne5 Be6 11.Bg5 Ra7 12.Rc1 Qb6 13.e3 Re8 14.f4 h6 15.Bh4 Ba3 16.f5 Bxc1
17.Qxc1 Bc8 18.Bxf6 gxf6 19.Ng4 Kg7 20.e4 Rh8 21.Qe3 Nd7 22.Kh1 Qd8 23.e5 Rc7
24.Re1 fxe5 25.dxe5 Qg5 26.Qf3 h5 27.Nf2 b4 28.Ncd1 f6 29.h4 Qd2 30.Nd3 Nxe5
31.Rxe5 fxe5 32.f6+ Kf8 33.Qf1 Bg4 34.N1b2 Qe3 35.Nxb4 Qxg3 36.N2d3 Rh6  0-1